Countries with the Biggest Military Expenditure - Statistics

General Stats
  • This quiz has been taken 38 times
  • The average score is 4 of 5
Answer Stats
$ (US) Country % Correct
216 billion China
97%
84.5 billion Russia
97%
610 billion United States
97%
62.3 billion France
76%
80.8 billion Saudi Arabia
48%
No matching quizzes found
Score Distribution
Percent of People with Each Score
Percentile by Number Answered
Your Score History
You have not taken this quiz